000 00404nam a2200145Ia 4500
008 210210b1984 xxu||||| |||| 00| 0 eng d
082 _a530.02 SANQ
100 _aSAVELYEV (I V).
245 _aQuestions & problems in general physics. Tr by G Leib.
260 _aMoscow
_bMir Publishers
_c1984
300 _a302
650 _aPhysics question problems
690 _aPhysics Problems
906 _aSG01966
999 _c113471
_d113471